003420000a22001090004500090001700000245006600017041001400083100003400097942001300131773007100144999001700215 aAsbSeriadas10aUtilización de Melastomataceas en el departamento del Choco0 aEspañol1 aGarcía Cossio, Fabio921428 cARTICULO1 tRevista de la Asociación Colombiana de Herbariosh4q73-76d1995 c15790d15790